<?xml version="1.0" encoding="UTF-8"?>
<record
    xmlns:xsi="http://www.w3.org/2001/XMLSchema-instance"
    xsi:schemaLocation="http://www.loc.gov/MARC21/slim http://www.loc.gov/standards/marcxml/schema/MARC21slim.xsd"
    xmlns="http://www.loc.gov/MARC21/slim">

  <leader>01007nam a2200277 i 4500</leader>
  <controlfield tag="001">12475</controlfield>
  <controlfield tag="003">ES-MaACL</controlfield>
  <controlfield tag="005">20230906150323.0</controlfield>
  <controlfield tag="007">t|</controlfield>
  <controlfield tag="008">921016s1989    sp           ||||0| spa d</controlfield>
  <datafield tag="016" ind1="7" ind2=" ">
    <subfield code="z">CHM920007584</subfield>
  </datafield>
  <datafield tag="020" ind1=" " ind2=" ">
    <subfield code="a">84-235-0867-5</subfield>
  </datafield>
  <datafield tag="040" ind1=" " ind2=" ">
    <subfield code="a">CHM </subfield>
    <subfield code="b">spa </subfield>
    <subfield code="c">CHM</subfield>
  </datafield>
  <datafield tag="080" ind1=" " ind2=" ">
    <subfield code="a">809.169:351.851(460.16)"19"(094.5)</subfield>
  </datafield>
  <datafield tag="080" ind1=" " ind2=" ">
    <subfield code="a">351.851(460.16)"19"(094.5):809.169</subfield>
  </datafield>
  <datafield tag="245" ind1="0" ind2="3">
    <subfield code="a">El euskara, en la ense&#xF1;anza de Navarra.</subfield>
  </datafield>
  <datafield tag="260" ind1=" " ind2=" ">
    <subfield code="a">Pamplona : </subfield>
    <subfield code="b">Departamento de Presidencia e Interior, Gobierno, </subfield>
    <subfield code="c">D.L. 1989.</subfield>
  </datafield>
  <datafield tag="300" ind1=" " ind2=" ">
    <subfield code="a">173 p ; </subfield>
    <subfield code="c">22 cm.</subfield>
  </datafield>
  <datafield tag="490" ind1="1" ind2=" ">
    <subfield code="a">Textos legales ; </subfield>
    <subfield code="v">6</subfield>
  </datafield>
  <datafield tag="650" ind1="1" ind2="4">
    <subfield code="a">Lengua vasca-</subfield>
    <subfield code="x">Ense&#xF1;anza-</subfield>
    <subfield code="z">Navarra (Comunidad Aut&#xF3;noma)-</subfield>
    <subfield code="v">Legislaci&#xF3;n.</subfield>
    <subfield code="9">14336</subfield>
  </datafield>
  <datafield tag="710" ind1="1" ind2=" ">
    <subfield code="a">Navarra (Comunidad Aut&#xF3;noma). </subfield>
    <subfield code="b">Departamento de Educaci&#xF3;n y Cultura.</subfield>
    <subfield code="9">5980</subfield>
  </datafield>
  <datafield tag="710" ind1="1" ind2=" ">
    <subfield code="a">Navarra (Comunidad Aut&#xF3;noma). </subfield>
    <subfield code="b">Departamento de Presidencia e Interior.</subfield>
    <subfield code="9">5982</subfield>
  </datafield>
  <datafield tag="830" ind1="0" ind2=" ">
    <subfield code="a">Textos legales ; </subfield>
    <subfield code="v">6</subfield>
    <subfield code="9">178122</subfield>
  </datafield>
  <datafield tag="852" ind1=" " ind2=" ">
    <subfield code="a">ES-MaACL</subfield>
    <subfield code="j">L-19798 </subfield>
    <subfield code="b">R.119339</subfield>
  </datafield>
  <datafield tag="999" ind1=" " ind2=" ">
    <subfield code="c">12475</subfield>
    <subfield code="d">12475</subfield>
  </datafield>
  <datafield tag="952" ind1=" " ind2=" ">
    <subfield code="0">0</subfield>
    <subfield code="1">0</subfield>
    <subfield code="4">0</subfield>
    <subfield code="7">0</subfield>
    <subfield code="a">ATENEOM</subfield>
    <subfield code="b">ATENEOM</subfield>
    <subfield code="c">DEPO2</subfield>
    <subfield code="d">2008-01-17</subfield>
    <subfield code="e">SC</subfield>
    <subfield code="l">0</subfield>
    <subfield code="o">L-19798</subfield>
    <subfield code="p">1012711</subfield>
    <subfield code="r">2023-02-23 00:00:00</subfield>
    <subfield code="w">2023-02-23</subfield>
    <subfield code="y">MONOGRAFIA</subfield>
  </datafield>
</record>
